Rhymes with 'Late' Quiz Stats

 Plays Quiz Updated Oct 6, 2017

Score 0/30 Timer 04:00
16 Plays Today
Answer % Correct
mate
97.7%
fate
95.3%
date
95%
hate
94.9%
rate
92.3%
gate
91.7%
wait
86.5%
bait
85.9%
ate
85.2%
bate
84.6%
pate
82.8%
sate
78.9%
plate
74.8%
grate
72.4%
slate
72.3%
Answer % Correct
crate
69.9%
freight
66.9%
state
64%
weight
63.8%
great
60.4%
trait
60.1%
eight
58.8%
spate
53.6%
skate
53.1%
gait
51.4%
ait
48.7%
prate
46.8%
straight
41.1%
plait
28.7%
strait
26.2%

You're not logged in!

Compare scores with friends on all Sporcle quizzes.
OR
Log In

Show Comments

Extras

Top Quizzes Today


Score Distribution

Your Account Isn't Verified!

In order to create a playlist on Sporcle, you need to verify the email address you used during registration. Go to your Sporcle Settings to finish the process.

Report this User

Report this user for behavior that violates our Community Guidelines.

Details: